[Event "WchT ICSC Silent 19th"]
[Site "Chiavenna"]
[Date "2019.12.20"]
[Round "9.1"]
[White "Pedzko, Serhei"]
[Black "Kettebekov, Samazhan"]
[Result "1-0"]
[WhiteElo "1563"]
[BlackElo "1779"]
[PlyCount "95"]
[EventDate "2019.12.14"]
[EventType "team-tourn"]
[EventRounds "9"]
[EventCountry "ITA"]
[SourceTitle "CBM 193 Extra"]
[Source "ChessBase"]
[SourceDate "2020.01.31"]
[SourceVersion "1"]
[SourceVersionDate "2020.01.31"]
[SourceQuality "1"]
[WhiteTeam "Belarus"]
[BlackTeam "Kazakhstan"]
[WhiteTeamCountry "BLR"]
[BlackTeamCountry "KAZ"]

1. d4 f5 2. c4 Nf6 3. Nc3 g6 4. Nf3 Bg7 5. e3 0-0 6. Be2 d6 7. 0-0 Nbd7 8. Ng5 Nb6 9. c5 Nbd5 10. Bc4 e6 11. Qb3 c6 12. cxd6 Qxd6 13. Rd1 b5 14. Be2 a5 15. Nxd5 exd5 16. Bd2 Ne4 17. Nxe4 fxe4 18. Rac1 Bd7 19. a3 Rxf2 20. Kxf2 Qxh2 21. Rf1 Rf8+ 22. Ke1 Rxf1+ 23. Bxf1 Bg4 24. Bxa5 Qg3+ 25. Kd2 Qf2+ 26. Kc3 Bh6 27. Kb4 Qd2+ 28. Qc3 Bxe3 29. Rc2 Qd1 30. Bxb5 cxb5 31. Kxb5 Bxd4 32. Qd2 e3 33. Qxd1 Bxd1 34. Rc8+ Kf7 35. Rc1 e2 36. Be1 Bxb2 37. Rc7+ Ke6 38. a4 Kd6 39. Rc6+ Kd7 40. Rc5 Kd6 41. a5 Ba4+ 42. Kb4 Ba3+ 43. Kxa3 Kxc5 44. Kxa4 d4 45. Kb3 h5 46. a6 Kb6 47. Kc4 Kxa6 48. Kxd4 1-0

[Event "WchT ICSC Silent 19th"]
[Site "Chiavenna"]
[Date "2019.12.17"]
[Round "5.1"]
[White "Kevorkov, Artur"]
[Black "Kettebekov, Samazhan"]
[Result "1/2-1/2"]
[WhiteElo "2186"]
[BlackElo "1779"]
[PlyCount "147"]
[EventDate "2019.12.14"]
[EventType "team-tourn"]
[EventRounds "9"]
[EventCountry "ITA"]
[SourceTitle "CBM 193 Extra"]
[Source "ChessBase"]
[SourceDate "2020.01.31"]
[SourceVersion "1"]
[SourceVersionDate "2020.01.31"]
[SourceQuality "1"]
[WhiteTeam "Germany"]
[BlackTeam "Kazakhstan"]
[WhiteTeamCountry "GER"]
[BlackTeamCountry "KAZ"]

1. e4 e6 2. d4 d5 3. Nd2 Nf6 4. e5 Nfd7 5. f4 c5 6. c3 Nc6 7. Ndf3 Qb6 8. g3 cxd4 9. cxd4 Bb4+ 10. Kf2 f6 11. Kg2 Nf8 12. Bd3 Bd7 13. Ne2 0-0-0 14. a3 Be7 15. b4 Kb8 16. Bd2 Rc8 17. Qe1 g5 18. h3 a6 19. Qf2 gxf4 20. gxf4 Rg8+ 21. Kh2 fxe5 22. fxe5 Ng6 23. Qe3 Nh4 24. Rhg1 Rgf8 25. Nxh4 Bxh4 26. Raf1 Ka7 27. Rf4 Be7 28. Bxh7 Rxf4 29. Qxf4 Rf8 30. Qe3 Bh4 31. Rg2 Qd8 32. Qg1 Rf3 33. Bb1 Qf8 34. Qc1 Rf1 35. Qc2 Bf2 36. Qd3 Be8 37. Nf4 Rxb1 38. Qxb1 Bxd4 39. Nxe6 Bxe5+ 40. Kh1 Qf3 41. Ng5 Qxa3 42. Qe1 d4 43. Qe4 Bh5 44. Bf4 Bf6 45. Kh2 Bxg5 46. Rxg5 Bf3 47. Qc2 Qxb4 48. Qc5+ Qxc5 49. Rxc5 Kb6 50. Rc1 Be4 51. h4 Kb5 52. h5 a5 53. Bd6 d3 54. Kg3 Nd4 55. Kf2 Nb3 56. Rd1 Kc4 57. Ke3 Bh7 58. Be5 a4 59. Bb2 b5 60. Rg1 d2 61. Ke2 Bc2 62. h6 b4 63. Rh1 a3 64. Bf6 a2 65. h7 d1Q+ 66. Rxd1 Bxh7 67. Bb2 Nc5 68. Rc1+ Kb3 69. Ba1 Na4 70. Kd2 Ka3 71. Rc7 Bb1 72. Ra7 Kb3 73. Rxa4 Kxa4 74. Kc1 1/2-1/2